header

Who owns you? (Record no. 48329)

MARC details
000 -LEADER
fixed length control field 01463nam a2200361Ia 4500
082 04 - DEWEY DECIMAL CLASSIFICATION NUMBER
Classification number 346.04/86
100 1# - MAIN ENTRY--AUTHOR NAME
Personal name Koepsell, David R.
245 10 - TITLE STATEMENT
Title Who owns you?
260 ## - PUBLICATION, DISTRIBUTION, ETC. (IMPRINT)
Place of publication Malden, MA ;
-- Chichester, West Sussex :
Name of publisher Wiley-Blackwell,
Year of publication 2009.
300 ## - PHYSICAL DESCRIPTION
Number of Pages 187 p.
490 1# - SERIES STATEMENT
Series statement Blackwell public philosophy
650 #0 - SUBJECT ADDED ENTRY--TOPICAL TERM
Topical Term Genes
Topical Term Human genetics
Topical Term Intellectual property
Topical Term Personality (Law)
856 40 - ELECTRONIC LOCATION AND ACCESS
Uniform Resource Identifier http://site.ebrary.com/lib/rucke/Doc?id=10346302

No items available.

© 2026 Rongo University
Contact us: librarian | system librarian | Rongo university